000 00469nam a22001691a 4500
082 _aH 398.209 548 3
_bELA/K
100 _aElayidom N R
245 _aKerala ki sanskriti par kerala ki lokgeethom ka prabhav/
_cby Elayidom N R
260 _aMathura:
_bJawahar Pustakalaya,
_c1991.
300 _a238p.
650 _aFolklore
650 _aFolk Literature
650 _aFolk Songs Study
650 _aFolklore Culture Hindi
650 _aSocial Sciences
942 _cBK
999 _c23824
_d23824